Pseudonimi e nomi d'arte italiani - Statistics

Statistiche generali
  • Questo quiz è stato fatto 252 volte
  • Il punteggio medio è 7 su 15
Statistiche sulle risposte
Nome e Cognome Ruolo Nome d'arte / Pseudonimo % Corretto
Amedeo Sebastiani conduttore televisivo Amadeus
92%
Rosalba Pippa cantante Arisa
79%
Michele Foresta comico e showman Mago Forest
69%
Raffaella Pelloni cantante e ballerina Raffaella Carrà
61%
Luca Medici comico Checco Zalone
56%
Lauro De Marinis cantaurore Achille Lauro
55%
Anna Maria Mazzini cantante Mina
45%
Marco Castoldi cantautore e musicista Morgan
40%
Michele Salvemini cantautore Caparezza
38%
Pasquale Zagaria attore Lino Banfi
37%
Maurizio Coruzzi personaggio televisivo Platinette
37%
Pierfrancesco Diliberto conduttore televisivo Pif
32%
Stefano Belisari cantautore e musicista Elio
24%
Dario Oliviero attore Gabriel Garko
17%
Alberto Bonato conduttore televisivo Alvin
11%
Nessun quiz corrispondente trovato
Distribuzione punteggi
Percentuale di utenti per punteggio
Percentile per numero di risposta
I tuoi punteggi nel tempo
Non hai fatto questo quiz